000 00945nam a2200265Ia 4500
003 OSt
005 20221005111053.0
006 a|||||r|||| 00| 0
007 ta
008 221004b |||||||| |||| 00| 0 hin d
020 _a9788183614207 (hbk)
_c350
024 _a105815
037 _b1467, 17/03/2011, Kiran Book Service
_cTextual
040 _aCRL
_cCRL
_bhin
041 _2hin
_ahin
082 _aO152,8N66x, Q1
100 _aपुराणिक, आलोक
245 0 _aव्हाइट हाउस में रामलीला
246 _aVhāiṭ hāus mean rāmalīlā
260 _aनई दिल्ली
_bराधाकृष्ण भारत
_c2011
300 _a238पृ0
_ccm.
650 _aहिन्दी साहित्य
942 _hO152,8N66x, Q1
_cTEXL
_2cc
999 _c1020714
_d1020714